Treatment of volatile organic compounds in drinking water

Saved in:
Bibliographic Details
Corporate Author: Municipal Environmental Research Laboratory
Other Authors: Love, Thomas O.
Format: Book
Language:English
Published: Cincinnati : Municipal Environmental Research Laboratory, Office of Research and Development, U.S. Environmental Protection Agency, 1983
Subjects:
Tags: Add Tag
No Tags, Be the first to tag this record!

MARC

LEADER 00000cam a2200000 i 4500
001 1/105839
008 950626s1983 eng d
035 |l 10013826 
040 |a GR-MY-UA  |b gre  |e aacr 
041 0 |a eng 
082 0 |a 628.162 
245 0 0 |a Treatment of volatile organic compounds in drinking water /  |c O. Thomas Love...[et. al.] 
260 |a Cincinnati :   |b Municipal Environmental Research Laboratory,   |b Office of Research and Development,   |b U.S. Environmental Protection Agency,   |c 1983 
300 |a x, 105 p.  |b fig., tables 
504 |a Bibliography: p. 99-105 
650 0 0 |a Water  |x Purification  |x Organic compounds removal. 
650 0 0 |a Drinking water  |x Contamination. 
700 1 |a Love, Thomas O. 
710 2 |a Municipal Environmental Research Laboratory. 
852 |a INST  |b LESVOS  |e 19950626  |h 628.162 MUN  |p 005100008484  |q 005100008484  |t BK  |y 0 
909 |a Λ  |b 008660 
970 |z 2000/06/ΟΙΚΟΝΟΜΟΠΟΥΛΟΥ ΧΡΙΣΤΙΝΑ